LEADER 01040nam a2200253 4500 001 000000358993 003 CaOOAMICUS 005 20240719122130.0 008 240719s2021 it 000 u ita r 020 $a978-88-467-6264-1 040 $aSeMil$bita 100 1 $aCiglia, Francesco Paolo,$d<1952- >.$0(OLS)http://semarc/name/26406 245 13$aLa rosa e il perché :$bper una fenomenologia del mistero /$cFrancesco Paolo Ciglia. 264 1$aPisa :$bETS,$c2021. 300 $a215 p. ;$c22 cm 490 1 $aPhilosophica ;$v274 650 4$aNatura umana.$0(OLS)http://semarc/subject/55930 830 0$aPhilosophica ;$v274.$0(OLS)http://semarc/title/25844 850 $aSeMil 852 $aSeMil$W1$xVenegono$y1$m2P V 509$j249494$B250058$CSeMilBibl$Z2$F250058 $81 996 $6020$a978-88-467-6264-1$9(OLS)http://semarc/number/300758 996 $6245$aLa rosa e il perché :$bper una fenomenologia del mistero$9(OLS)http://semarc/title/449411 996 $6264$aPisa :$bETS$9(OLS)http://semarc/publisher/31866 LEADER 01326nam a2200265 i 4500 001 000000061973 003 CaOOAMICUS 005 20240813081102.0 008 160808n it u000 u ita u 013 $a33145 026 $ai-is i.ai ,&s- adin (3) 1784 (R) 040 $aSeMil$bita 245 10$a[1]. 300 $aXXXII, [2] p., 368 col., [4] p., Col. 369-1096, [2] p., [6] carte di tav.ripieg. :$bill. 500 $aVignetta calcogr. sui front. 500 $aTestate ed iniz. entro vignette calcogr. incise da D. Cagnoni e G. Cattaneo 500 $aFregi xilogr. 500 $aSegn.: pg4 a-d4 A-4A4 700 1 $aCagnoni, Domenico .$0(OLS)http://semarc/name/31470 700 1 $aCattaneo, Girolamo .$0(OLS)http://semarc/name/31469 773 0 $tCodex diplomaticus civitatis, et ecclesiae bergomatis a canonico Mario Lupo eiusdem ecclesiae primicenio digestus notis, et animaduersionibus illustratus. Volumen 1. [-2.]. Praecedit prodromus historico-criticus de rebus bergomatium a declinatione romani imperii ad saeculum octavum.$dBergomi : Ex Typographia Vincentii Antoine, 1784-1799.$g1$w()33299 850 $aSeMil 852 $aSeMil$W1$xVenegono$y1$m3E VIII 39 FA$j28126$B28126$CSeMilBibl$Z2$F28129 $8I 996 $6245$a[1]$9(OLS)http://semarc/title/16462